Navy Enlisted and Officer Rates Quiz Stats

 Plays Quiz not verified by Sporcle

Challenge
Share
Tweet
Embed
Score 0/19 Timer 05:00
0 Plays Today
Rate Rank % Correct
O-1Ensign
87.8%
E-3Seaman
86.6%
O-6Captain
86%
E-1Seaman Recruit
84.3%
O-5Commander
84.3%
O-10Admiral
84.3%
E-4Petty Officer Third Class
83.1%
E-9Master Chief Petty Officer
83.1%
E-2Seaman Apprentice
82.6%
E-5Petty Officer Second Class
80.8%
Rate Rank % Correct
E-6Petty Officer First Class
80.8%
E-8Senior Chief Petty Officer
80.8%
O-3Lieutenant
80.8%
O-9Vice Admiral
80.8%
O-8Rear Admiral
80.2%
E-7Chief Petty Officer
79.1%
O-4Lieutenant Commander
79.1%
O-2Lieutenant Junior Grade
78.5%
O-7Rear Admiral Lower Half
76.7%

You're not logged in!

Compare scores with friends on all Sporcle quizzes.
Join for Free
OR
Log In

You Might Also Like...

Show Comments

Extras

Created Nov 15, 2010ReportNominate
Tags:enlisted, navy, officer, rate

Top Quizzes Today


Score Distribution

Your Account Isn't Verified!

In order to create a playlist on Sporcle, you need to verify the email address you used during registration. Go to your Sporcle Settings to finish the process.

Report this User

Report this user for behavior that violates our Community Guidelines.

Details: